Licenciado Gustavo Díaz Ordaz (Puerto Vallarta, Mexico) - Map - Statistics

General Stats
  • This quiz has been taken 15 times
  • The average score is 6 of 8
Answers on the Map
Answers color-coded by a green-red scale on the quiz's map according to % correct below.
 
Answer Stats
Destination % Correct
Calgary
100%
Atlanta
92%
Las Vegas
92%
San Diego
92%
St. Louis
85%
Hamilton (ON)
54%
Puebla
54%
San Luis Potosí
38%
No matching quizzes found
Score Distribution
Percent of People with Each Score
Percentile by Number Answered
Your Score History
You have not taken this quiz